[Event "Batatais op 2nd"]
[Site "Batatais"]
[Date "2011.12.16"]
[Round "1"]
[White "Paixao, Janaina"]
[Black "Da Costa, Joao Carlos"]
[Result "0-1"]
[WhiteElo "1763"]
[BlackElo "1946"]
[PlyCount "54"]
[EventDate "2011.12.16"]
[EventType "swiss"]
[EventRounds "6"]
[EventCountry "BRA"]
[SourceTitle "EXT 2013"]
[Source "ChessBase"]
[SourceDate "2012.11.22"]
[SourceVersion "1"]
[SourceVersionDate "2012.11.22"]
[SourceQuality "1"]

1. e4 e5 2. Nf3 Nc6 3. d4 exd4 4. Nxd4 Bc5 5. Be3 Qf6 6. c3 Nge7 7. Bc4 Ne5 8. Bb3 d6 9. 0-0 0-0 10. Nd2 Qg6 11. Kh1 Kh8 12. f4 Ng4 13. Bf2 f5 14. Qe2 Bd7 15. e5 dxe5 16. fxe5 Nc6 17. N2f3 Rae8 18. Qc4 Bb6 19. Qd5 Ncxe5 20. Nxe5 Nxe5 21. Bg3 c6 22. Nxc6 Bxc6 23. Qd2 Be4 24. c4 Rd8 25. Qb4 f4 26. Rad1 Nd3 27. Qa3 Bc5 0-1

[Event "BRA-ch Mineiro"]
[Site "Nova Resende"]
[Date "2011.12.10"]
[Round "6.5"]
[White "Lapertosa Viana, Julio"]
[Black "Da Costa, Joao Carlos"]
[Result "1/2-1/2"]
[WhiteElo "2133"]
[BlackElo "1946"]
[PlyCount "117"]
[EventDate "2011.12.08"]
[EventType "swiss"]
[EventRounds "7"]
[EventCountry "BRA"]
[SourceTitle "EXT 2022"]
[Source "ChessBase"]
[SourceDate "2021.10.06"]
[SourceVersion "1"]
[SourceVersionDate "2021.10.06"]
[SourceQuality "1"]

1. d4 Nf6 2. c4 e6 3. Nc3 d5 4. cxd5 exd5 5. Bg5 Be7 6. e3 h6 7. Bf4 c6 8. Bd3 Nbd7 9. Nf3 Nh5 10. Bg3 Nxg3 11. hxg3 Bf6 12. Qc2 a5 13. e4 dxe4 14. Bxe4 0-0 15. Rd1 Re8 16. 0-0 Nb6 17. d5 cxd5 18. Bxd5 Qc7 19. Rfe1 Bg4 20. Rxe8+ Rxe8 21. Qb3 Rd8 22. Bxf7+ Qxf7 23. Rxd8+ Bxd8 24. Qxf7+ Kxf7 25. Ne5+ Ke6 26. Nxg4 Nc4 27. b3 Ne5 28. Ne3 Nd3 29. Ne2 g5 30. Kf1 b5 31. Nd4+ Kf6 32. Nxb5 Nc1 33. Nc3 Nd3 34. Ke2 Nc5 35. Ng4+ Kg6 36. Ne5+ Kf5 37. Nd3 Ne6 38. Nb5 Be7 39. Ke3 h5 40. Nd4+ Kf6 41. Nxe6 Kxe6 42. Ke4 Bd6 43. Nb2 Bc5 44. Nd3 Bd6 45. f4 Kf6 46. a4 Be7 47. Ne5 Bb4 48. fxg5+ Kxg5 49. Kf3 Kf5 50. Nc4 Bc3 51. Ne3+ Ke5 52. g4 hxg4+ 53. Nxg4+ Kd4 54. Nf2 Bb4 55. Ne4 Kd3 56. g4 Be7 57. g5 Bxg5 58. Nc5+ Kc3 59. Nb7 1/2-1/2

[Event "Nova Odessa IRT Regional 1st"]
[Site "Nova Odessa"]
[Date "2011.08.07"]
[Round "5.2"]
[White "Da Costa, Joao Carlos"]
[Black "Kina, Caio Garcia"]
[Result "0-1"]
[WhiteElo "1967"]
[BlackElo "1859"]
[PlyCount "83"]
[EventDate "2011.08.05"]
[EventType "swiss"]
[EventRounds "6"]
[EventCountry "BRA"]
[SourceTitle "EXT 2022"]
[Source "ChessBase"]
[SourceDate "2021.10.06"]
[SourceVersion "1"]
[SourceVersionDate "2021.10.06"]
[SourceQuality "1"]

1. e4 g6 2. d4 Bg7 3. f4 d6 4. Nf3 Nd7 5. Bc4 e6 6. 0-0 Ne7 7. Ng5 Nf6 8. Nc3 d5 9. Bb3 dxe4 10. Be3 Nf5 11. Qe2 h6 12. Nh3 Ng4 13. Bf2 Nxf2 14. Nxf2 e3 15. Ng4 Nxd4 16. Qc4 Nxb3 17. Qxb3 Qd4 18. Kh1 0-0 19. Rad1 Qc5 20. Ne2 h5 21. Nxe3 b6 22. Rd2 Ba6 23. Rfd1 Bxb2 24. Qxb2 Qxe3 25. Qc1 Bxe2 26. Re1 Qxf4 27. Rexe2 Rad8 28. Rf2 Qg5 29. Qe1 Rd6 30. Rxd6 cxd6 31. h3 Rc8 32. Qf1 Rc7 33. Qd3 Qe5 34. Re2 Qd5 35. Qa6 Qd1+ 36. Kh2 Kg7 37. Rf2 Rxc2 38. Rxc2 Qxc2 39. Qxa7 Qc5 40. Qa4 e5 41. Qe4 b5 42. h4 0-1

[Event "Nova Odessa IRT Regional 1st"]
[Site "Nova Odessa"]
[Date "2011.08.06"]
[Round "2.4"]
[White "Chaves, Vagner"]
[Black "Da Costa, Joao Carlos"]
[Result "1-0"]
[WhiteElo "1646"]
[BlackElo "1967"]
[PlyCount "93"]
[EventDate "2011.08.05"]
[EventType "swiss"]
[EventRounds "6"]
[EventCountry "BRA"]
[SourceTitle "EXT 2022"]
[Source "ChessBase"]
[SourceDate "2021.10.06"]
[SourceVersion "1"]
[SourceVersionDate "2021.10.06"]
[SourceQuality "1"]

1. Nf3 Nf6 2. g3 g6 3. Bg2 Bg7 4. d3 d5 5. Nbd2 0-0 6. 0-0 Re8 7. Re1 c6 8. e4 dxe4 9. dxe4 Na6 10. Qe2 b6 11. Nb3 e5 12. Bd2 Be6 13. Bc3 Nd7 14. Rad1 Qc7 15. Qe3 b5 16. Bf1 Qb7 17. Rd6 b4 18. Bxa6 Qxa6 19. Bxb4 Bf8 20. Rxe6 Rxe6 21. Bxf8 Rxf8 22. Qh6 Rd6 23. a3 Rd8 24. Nc5 Nxc5 25. Ng5 Rf6 26. h4 Ne6 27. Nxh7 Rf3 28. Kg2 Nd4 29. c3 Qd3 30. cxd4 Rxd4 31. Re3 Rxf2+ 32. Kxf2 Qd2+ 33. Kf1 Qc1+ 34. Kg2 Rd2+ 35. Kh3 Qf1+ 36. Kg4 Rf2 37. h5 gxh5+ 38. Kg5 c5 39. Nf6+ Rxf6 40. Qxf6 Qc1 41. Qf2 Kg7 42. Kxh5 Qd1+ 43. Qf3 Qd6 44. Qg4+ Kh7 45. Qf5+ Kg7 46. Qg5+ Kf8 47. Qh6+ 1-0

[Event "Nova Odessa IRT Regional 1st"]
[Site "Nova Odessa"]
[Date "2011.08.06"]
[Round "3.5"]
[White "Da Costa, Joao Carlos"]
[Black "Horta, Marcio Rodrigues"]
[Result "1-0"]
[WhiteElo "1967"]
[BlackElo "1993"]
[PlyCount "57"]
[EventDate "2011.08.05"]
[EventType "swiss"]
[EventRounds "6"]
[EventCountry "BRA"]
[SourceTitle "EXT 2022"]
[Source "ChessBase"]
[SourceDate "2021.10.06"]
[SourceVersion "1"]
[SourceVersionDate "2021.10.06"]
[SourceQuality "1"]

1. e4 e6 2. c4 c5 3. Nf3 Nc6 4. Nc3 Nge7 5. Be2 g6 6. d4 cxd4 7. Nb5 d6 8. Nfxd4 a6 9. Nxe6 Bxe6 10. Nxd6+ Qxd6 11. Qxd6 Nf5 12. Qd1 Rd8 13. Qxd8+ Kxd8 14. exf5 Bxf5 15. Bg5+ Kc8 16. 0-0 Bg7 17. g4 Bc2 18. Rac1 Nd4 19. Rfe1 Re8 20. Be3 Ba4 21. b3 Bd7 22. Bxd4 Bxd4 23. Bf3 Rf8 24. Rcd1 Bc3 25. Re7 Be6 26. Bxb7+ Kb8 27. Bf3 Bf6 28. Rb7+ Kc8 29. Ra7 1-0

[Event "BRA-ch Amateur"]
[Site "Sao Paulo"]
[Date "2011.03.05"]
[Round "1"]
[White "Alves, Sidney David"]
[Black "Da Costa, Joao Carlos"]
[Result "0-1"]
[WhiteElo "1522"]
[BlackElo "1973"]
[PlyCount "130"]
[EventDate "2011.03.05"]
[EventType "swiss"]
[EventRounds "7"]
[EventCountry "BRA"]
[SourceTitle "EXT 2014"]
[Source "ChessBase"]
[SourceDate "2013.11.20"]
[SourceVersion "1"]
[SourceVersionDate "2013.11.20"]
[SourceQuality "1"]

1. d4 Nf6 2. c4 e6 3. g3 d5 4. Bg2 c6 5. Qc2 Be7 6. Nf3 0-0 7. 0-0 Re8 8. Nbd2 a5 9. e4 dxe4 10. Nxe4 Na6 11. a3 Nxe4 12. Qxe4 f5 13. Qd3 Nc5 14. Qc2 Ne4 15. Rd1 Bd7 16. Bf4 g5 17. Be3 h6 18. Ne5 Nf6 19. Rd3 Qc7 20. f4 g4 21. Rad1 Kg7 22. d5 cxd5 23. c5 Bb5 24. Rc3 Ne4 25. Bxe4 dxe4 26. Qb3 Bd3 27. Qxe6 Bf6 28. Qxf5 Bxe5 29. fxe5 Rf8 30. Qxg4+ Kh7 31. Qh5 Ra6 32. c6 Rxc6 33. Rxc6 Qxc6 34. Qh4 Qe6 35. Rc1 Rf7 36. Bf4 Qb6+ 37. Kh1 Be2 38. Qxh6+ Qxh6 39. Bxh6 Kxh6 40. e6 Re7 41. Re1 Bf3+ 42. Kg1 Rxe6 43. Kf2 Rc6 44. Ke3 Rc2 45. h4 Rxb2 46. g4 Rb3+ 47. Kf4 Rxa3 48. g5+ Kh5 49. Rb1 Rc3 50. g6 Rc8 51. g7 Rg8 52. Rb5+ Kh6 53. Rxa5 Rxg7 54. Rb5 Rf7+ 55. Ke3 Re7 56. Rf5 Kg6 57. Rb5 Bd1 58. Rg5+ Kf6 59. Rb5 Ba4 60. Ra5 Bc6 61. Rc5 Rd7 62. Ra5 Rd3+ 63. Kf4 Rf3+ 64. Kg4 Bd7+ 65. Kh5 Rf5+ 0-1

[Event "BRA-ch Mineiro"]
[Site "Nova Resende"]
[Date "2011.01.07"]
[Round "8.6"]
[White "Crespo de Oliveira, Lucas"]
[Black "Da Costa, Joao Carlos"]
[Result "1/2-1/2"]
[WhiteElo "2110"]
[BlackElo "1967"]
[PlyCount "110"]
[EventDate "2011.01.04"]
[EventType "tourn"]
[EventRounds "10"]
[EventCountry "BRA"]
[SourceTitle "EXT 2022"]
[Source "ChessBase"]
[SourceDate "2021.10.06"]
[SourceVersion "1"]
[SourceVersionDate "2021.10.06"]
[SourceQuality "1"]

1. e4 e5 2. Nf3 d6 3. d4 Nf6 4. Nc3 Nbd7 5. Bc4 Be7 6. 0-0 c6 7. a4 0-0 8. Re1 Qb6 9. a5 Qc7 10. h3 h6 11. Bf1 Re8 12. Be3 Bf8 13. Qd2 exd4 14. Bxd4 Ne5 15. Nh2 Nh7 16. f4 Ng6 17. Nf3 Bd7 18. Bd3 c5 19. Bf2 Bc6 20. Nd5 Qd8 21. c4 Nf6 22. f5 Ne5 23. Nxe5 dxe5 24. Bc2 Nxd5 25. cxd5 b6 26. axb6 axb6 27. Qe2 Bd7 28. Bd3 Qc7 29. Bb5 Bd6 30. Be3 Rec8 31. Ba6 Rcb8 32. Bb5 Qd8 33. Rf1 Qe8 34. Bxd7 Qxd7 35. f6 g5 36. Qh5 Bf8 37. Rxa8 Rxa8 38. h4 Ra4 39. hxg5 Rxe4 40. gxh6 Qg4 41. h7+ Kh8 42. Qxf7 Rxe3 43. Qxf8+ Kxh7 44. Ra1 Re1+ 45. Rxe1 Qd4+ 46. Kf1 Qf4+ 47. Ke2 Qe4+ 48. Kd2 Qd4+ 49. Kc2 Qc4+ 50. Kb1 Qd3+ 51. Kc1 Qc4+ 52. Kd2 Qd4+ 53. Ke2 Qe4+ 54. Kf1 Qf4+ 55. Kg1 Qd4+ 1/2-1/2

[Event "BRA-ch Mineiro"]
[Site "Nova Resende"]
[Date "2011.01.06"]
[Round "5.3"]
[White "Da Costa, Joao Carlos"]
[Black "Chiari, Arthur Gontijo"]
[Result "0-1"]
[WhiteElo "1967"]
[BlackElo "1932"]
[PlyCount "86"]
[EventDate "2011.01.04"]
[EventType "tourn"]
[EventRounds "10"]
[EventCountry "BRA"]
[SourceTitle "EXT 2022"]
[Source "ChessBase"]
[SourceDate "2021.10.06"]
[SourceVersion "1"]
[SourceVersionDate "2021.10.06"]
[SourceQuality "1"]

1. e4 c5 2. b4 cxb4 3. a3 e6 4. axb4 Bxb4 5. c3 Be7 6. Nf3 d6 7. Na3 Nf6 8. Be2 0-0 9. d3 b6 10. 0-0 Bb7 11. Re1 Nbd7 12. Bf1 a6 13. Nc2 Qc7 14. Bb2 e5 15. Ne3 Rfe8 16. Nf5 Bf8 17. Qd2 d5 18. Qg5 Nc5 19. Ba3 dxe4 20. Bxc5 bxc5 21. Nh6+ Kh8 22. Nxe5 Bd5 23. Neg4 Nxg4 24. Nxg4 Qd6 25. Ne3 Bc6 26. dxe4 Bxe4 27. Nc4 Qc7 28. Re3 h6 29. Qh4 Bb7 30. Rae1 Rxe3 31. Rxe3 a5 32. Ne5 Ba6 33. c4 Bd6 34. Ng4 Qd8 35. Qh5 Qg5 36. Qxf7 Qxg4 37. Re8+ Rxe8 38. Qxe8+ Kh7 39. Bd3+ g6 40. Qf7+ Kh8 41. Qf6+ Kg8 42. g3 Bb7 43. Bf1 Qe4 0-1

[Event "BRA-ch Mineiro"]
[Site "Nova Resende"]
[Date "2011.01.04"]
[Round "1.5"]
[White "Da Costa, Joao Carlos"]
[Black "Pereira, Juliano Resende M"]
[Result "0-1"]
[WhiteElo "1967"]
[BlackElo "2231"]
[PlyCount "58"]
[EventDate "2011.01.04"]
[EventType "tourn"]
[EventRounds "10"]
[EventCountry "BRA"]
[SourceTitle "EXT 2022"]
[Source "ChessBase"]
[SourceDate "2021.10.06"]
[SourceVersion "1"]
[SourceVersionDate "2021.10.06"]
[SourceQuality "1"]

1. e4 c5 2. Nf3 g6 3. c3 Bg7 4. Be2 Nf6 5. e5 Nd5 6. d4 cxd4 7. cxd4 0-0 8. Nc3 Nxc3 9. bxc3 d6 10. exd6 Qxd6 11. 0-0 Qc7 12. Qb3 Nc6 13. Bd2 Be6 14. Qa3 Na5 15. Rfe1 Rfe8 16. Bb5 Nc4 17. Qc1 Nxd2 18. Qxd2 Red8 19. Ng5 Bd5 20. f4 e6 21. Rac1 Qa5 22. Qe2 Rac8 23. Nf3 Bxf3 24. gxf3 Rxc3 25. Rxc3 Qxc3 26. Rd1 Rxd4 27. Rxd4 Qxd4+ 28. Kg2 Qxf4 29. Qd3 Be5 0-1

[Event "BRA-ch Mineiro sf"]
[Site "Nova Resende"]
[Date "2010.11.27"]
[Round "2.6"]
[White "Da Costa, Joao Carlos"]
[Black "Mendonca, Juliano Simao"]
[Result "1-0"]
[WhiteElo "1972"]
[BlackElo "1781"]
[PlyCount "55"]
[EventDate "2010.11.26"]
[EventType "swiss"]
[EventRounds "6"]
[EventCountry "BRA"]
[SourceTitle "EXT 2022"]
[Source "ChessBase"]
[SourceDate "2021.10.06"]
[SourceVersion "1"]
[SourceVersionDate "2021.10.06"]
[SourceQuality "1"]

1. e4 c5 2. b4 cxb4 3. a3 e6 4. axb4 Qf6 5. d4 Bxb4+ 6. c3 Bf8 7. Nf3 d5 8. e5 Qd8 9. Bd3 h6 10. 0-0 g5 11. h3 Bg7 12. Na3 a6 13. Nb5 Bf8 14. c4 Be7 15. Bd2 h5 16. c5 g4 17. Ba5 Qd7 18. Nc7+ Qxc7 19. Bxc7 gxf3 20. Qxf3 Nc6 21. Qg3 Bf8 22. Ra4 Bd7 23. Rb1 h4 24. Qg4 Nh6 25. Qe2 Ne7 26. Rab4 Bc6 27. Rxb7 Bxb7 28. Rxb7 1-0

[Event "Nova Resende Chess School 1st"]
[Site "Nova Resende"]
[Date "2010.03.20"]
[Round "6"]
[White "Da Costa, Joao Carlos"]
[Black "Rodrigues, Fernanda dos Santos"]
[Result "0-1"]
[WhiteElo "2009"]
[BlackElo "1900"]
[PlyCount "98"]
[EventDate "2010.03.19"]
[EventType "tourn"]
[EventRounds "9"]
[EventCountry "BRA"]
[SourceTitle "EXT 2022"]
[Source "ChessBase"]
[SourceDate "2021.10.06"]
[SourceVersion "1"]
[SourceVersionDate "2021.10.06"]
[SourceQuality "1"]

1. e4 e6 2. d4 d5 3. Nc3 Nf6 4. e5 Nfd7 5. Nf3 c5 6. Be3 Nc6 7. Bb5 cxd4 8. Bxd4 a6 9. Ba4 b5 10. Bb3 Nxd4 11. Qxd4 Bc5 12. Qg4 0-0 13. Ne2 Qb6 14. 0-0 f6 15. Qg3 fxe5 16. Rad1 e4 17. Ng5 Nf6 18. c3 a5 19. Nd4 a4 20. Bc2 b4 21. Kh1 a3 22. b3 h6 23. Nh3 Ba6 24. Rfe1 bxc3 25. Qxc3 Bb4 26. Qa1 Bxe1 27. Rxe1 Rac8 28. Qd1 e5 29. Nf5 Qe6 30. Ng3 Rc7 31. Qd2 Rfc8 32. Bb1 Rc3 33. Ng1 Qb6 34. h3 Bd3 35. Nf5 Kf8 36. f3 Bxb1 37. Rxb1 e3 38. Qe1 d4 39. Qg3 Qc7 40. Ne2 Rc2 41. Kh2 Nh5 42. Qe1 d3 43. Qb4+ Qc5 44. Qg4 Rxe2 45. Qxh5 Rxg2+ 46. Kxg2 Qc2+ 47. Kg3 Qxb1 48. Nd6 Qg1+ 49. Kh4 g5+ 0-1

[Event "Nova Resende Chess School 1st"]
[Site "Nova Resende"]
[Date "2010.03.19"]
[Round "3"]
[White "Da Silva, Wagner Jose"]
[Black "Da Costa, Joao Carlos"]
[Result "1/2-1/2"]
[WhiteElo "1799"]
[BlackElo "2009"]
[PlyCount "67"]
[EventDate "2010.03.19"]
[EventType "tourn"]
[EventRounds "9"]
[EventCountry "BRA"]
[SourceTitle "EXT 2022"]
[Source "ChessBase"]
[SourceDate "2021.10.06"]
[SourceVersion "1"]
[SourceVersionDate "2021.10.06"]
[SourceQuality "1"]

1. e4 e5 2. Nf3 Nc6 3. Bc4 Bc5 4. c3 Nf6 5. d4 exd4 6. cxd4 Bb4+ 7. Nc3 0-0 8. 0-0 Bxc3 9. bxc3 Nxe4 10. d5 Ne7 11. Qd4 Nf6 12. Bb3 d6 13. c4 c5 14. dxc6 Nxc6 15. Qh4 Bf5 16. Bg5 h6 17. Bxf6 Qxf6 18. Qxf6 gxf6 19. Rad1 Rad8 20. Nd4 Be6 21. Nb5 Rd7 22. Rxd6 Rxd6 23. Nxd6 Na5 24. c5 Bxb3 25. axb3 Nxb3 26. Nxb7 Rc8 27. Rb1 Nd4 28. Kf1 Kf8 29. Ra1 Nb3 30. Ra3 Nd2+ 31. Ke2 Ne4 32. f3 Nxc5 33. Nxc5 Rxc5 34. Rxa7 1/2-1/2

[Event "Mineiro-ch"]
[Site "Belo Horizonte"]
[Date "2010.01.09"]
[Round "9"]
[White "Da Costa, Joao Carlos"]
[Black "Crespo de Oliveira, Lucas"]
[Result "0-1"]
[WhiteElo "2011"]
[BlackElo "2110"]
[PlyCount "78"]
[EventDate "2010.01.05"]
[EventType "tourn"]
[EventRounds "11"]
[EventCountry "BRA"]
[SourceTitle "EXT 2012"]
[Source "ChessBase"]
[SourceDate "2011.11.24"]
[SourceVersion "1"]
[SourceVersionDate "2011.11.24"]
[SourceQuality "1"]

1. e4 c5 2. Nf3 e6 3. Be2 Nc6 4. 0-0 Be7 5. c3 d5 6. exd5 exd5 7. Re1 Nf6 8. d4 0-0 9. h3 h6 10. dxc5 Bxc5 11. b4 Bb6 12. Bd3 Be6 13. a4 a6 14. Nbd2 d4 15. Ne4 Nxe4 16. Rxe4 dxc3 17. Rxe6 fxe6 18. Qe2 Nd4 19. Qe4 Nxf3+ 20. gxf3 Rf6 21. Ra2 Qd5 22. Rc2 Bd4 23. Kg2 b5 24. Qh7+ Kf7 25. Be4 Qd8 26. axb5 axb5 27. h4 Qh8 28. Qxh8 Rxh8 29. Ra2 Rb8 30. h5 Ke7 31. Kg3 Rff8 32. Kg4 Rfc8 33. Bf4 e5 34. Bc1 Rc4 35. Kf5 Rc7 36. f4 Rf8+ 37. Kg4 Ra7 38. Re2 Ra1 39. Rc2 Rxc1 0-1

[Event "Mineiro-ch"]
[Site "Belo Horizonte"]
[Date "2010.01.06"]
[Round "3"]
[White "Molina, Roberto Junio Brito"]
[Black "Da Costa, Joao Carlos"]
[Result "1-0"]
[WhiteElo "2376"]
[BlackElo "2011"]
[PlyCount "53"]
[EventDate "2010.01.05"]
[EventType "tourn"]
[EventRounds "11"]
[EventCountry "BRA"]
[SourceTitle "EXT 2012"]
[Source "ChessBase"]
[SourceDate "2011.11.24"]
[SourceVersion "1"]
[SourceVersionDate "2011.11.24"]
[SourceQuality "1"]

1. e4 e5 2. Nf3 Nc6 3. Bb5 Nd4 4. Nxd4 exd4 5. 0-0 Ne7 6. d3 Ng6 7. c3 Bc5 8. Nd2 dxc3 9. bxc3 Qg5 10. Ba4 Nf4 11. Qf3 Bd6 12. Nc4 Qf6 13. Nxd6+ cxd6 14. Bxf4 0-0 15. Rac1 Qg6 16. Qg3 Qh5 17. Bxd6 Re8 18. Bb3 a5 19. f4 a4 20. Bd5 Ra6 21. f5 b5 22. f6 g6 23. Rce1 Qh6 24. d4 Rb6 25. Bc5 Ra6 26. e5 Qd2 27. h4 1-0

[Event "American Continental 06th"]
[Site "Sao Paulo"]
[Date "2009.07.26"]
[Round "3"]
[White "Cornejo, Max"]
[Black "Da Costa, Joao Carlos"]
[Result "1-0"]
[WhiteElo "2371"]
[BlackElo "2007"]
[PlyCount "47"]
[EventDate "2009.07.25"]
[EventType "swiss"]
[EventRounds "11"]
[EventCountry "BRA"]
[SourceTitle "CBM 132 Extra"]
[Source "ChessBase"]
[SourceDate "2009.11.03"]
[SourceVersion "1"]
[SourceVersionDate "2009.11.03"]
[SourceQuality "1"]

1. e4 e5 2. Nf3 Nc6 3. Nc3 Nf6 4. a3 d6 5. d4 exd4 6. Nxd4 Be7 7. Be2 0-0 8. 0-0 Re8 9. Re1 h6 10. Bf4 Bf8 11. Nxc6 bxc6 12. Bf3 Bb7 13. Qd2 Rb8 14. Rad1 Ba8 15. b4 Qc8 16. e5 dxe5 17. Bxe5 Rxe5 18. Rxe5 Bd6 19. Ra5 Qe6 20. Re1 Qd7 21. g3 Rd8 22. Ne4 Nxe4 23. Bxe4 Bb7 24. Bf5 1-0